000 00315nam a2200121Ia 4500
005 20260328104255.0
008 260328s9999||||xx |||||||||||||| ||und||
100 _aBengtsson, Staffan
245 0 _aIKEA the Book /
_cStaffan Bengtsson
260 _bArvinius
650 _aDISEÑO INDUSTRIAL - ELEMENTOS
942 _cBK
999 _c10417
_d10417